路線名 一覧クイズ 青森県 - Statistics

General Stats
  • This quiz has been taken 150 times
  • The average score is 10 of 11
Answer Stats
事業者名 答え 区間 % Correct
JR北海道 北海道新幹線 新青森〜奥津軽いまべつ
99%
JR東日本 東北新幹線 八戸〜新青森
98%
JR東日本 奥羽本線 津軽湯の沢〜青森
94%
JR東日本 大湊線 野辺地〜大湊(全線)
92%
JR東日本 五能線 川部〜大間越
92%
JR東日本 津軽線 青森〜三厩(全線)
90%
JR東日本 八戸線 八戸〜階上
89%
三セク 青い森鉄道線(青い森鉄道) 目時〜青森(全線)
86%
中小私鉄① 大鰐線(弘南鉄道) 中央弘前~大鰐(全線)
76%
中小私鉄① 弘南線(弘南鉄道) 弘前~黒石(全線)
73%
中小私鉄② 津軽鉄道線(津軽鉄道) 津軽五所川原~津軽中里(全線)
65%
No matching quizzes found
Score Distribution
Percent of People with Each Score
Percentile by Number Answered
Your Score History
You have not taken this quiz